A létezési kijelentések, mint önazonossági kijelentések Frege párbeszéde Pünjerrel a létezési kijelentések tartalmáról

Elmentve itt :
Bibliográfiai részletek
Szerző: Fazekas András István
További közreműködők: Frege, Friedrich Ludwig Gottlob
Pünjer, Bernhard
Adatforrás:Philobibl
Dokumentumtípus: Könyv
Nyelv:magyar
Kulcsszavak:létezés
fogalom
matematikai logika
Megjelent: Budapest Aletheia 2002
Sorozat:A létezés logikája.
Aletheia kiadványok
LEADER 00765cam a2200217 c 4500
001 bibPHI0041839
005 20200924124621.3
008 000308s2000 hu b 00010 hun d
100 1 |a Fazekas András István 
245 1 2 |a A létezési kijelentések, mint önazonossági kijelentések  |b Frege párbeszéde Pünjerrel a létezési kijelentések tartalmáról  |c / Fazekas András István 
260 |a Budapest  |b Aletheia  |c 2002 
300 |a 48 p. 
490 1 |a A létezés logikája.  |a Tanulmányok  |v 2. 
490 1 |a Aletheia kiadványok 
695 |a létezés 
695 |a fogalom 
695 |a matematikai logika 
700 1 |a Frege, Friedrich Ludwig Gottlob 
700 1 |a Pünjer, Bernhard 
830 2 |a A létezés logikája.  |t Tanulmányok 
830 0 |a Aletheia kiadványok